000 01259nam a22003497a 4500
003 CHAP
005 20220329134146.0
008 971013s1985 r 00010 d
010 _a16305
011 _a17277
035 _a21360
040 _cCHAP
090 _aTesis
100 0 0 _aGutiérrez Piña, José Ramón.
_951798
245 _aEvaluación de seis líneas de tomate (Lycopersicon esculentum) en dos fechas de siembras en Apodaca, N.L. ciclo primavera-verano
260 _aMonterrey, N.L., :
_bEl autor,
_c1985
300 _a49 h
502 _aTesis (Ing. Agrónomo Esp. en Producción) -- ITESM. División de Ciencias Agropecuarias y Marítimas
590 _aALEPH
_b10
_c20130110
_lUCH01
_h1239
590 _aBATCH-UPD
_b10
_c20130109
_lUCH01
_h2342
590 _aBATCH-UPD
_b10
_c20130110
_lUCH01
_h0223
590 _aBATCH-UPD
_b10
_c20130110
_lUCH01
_h1118
590 _aBATCH-UPD
_b10
_c20130409
_lUCH01
_h1912
590 _aBATCH-UPD
_b10
_c20130914
_lUCH01
_h1557
590 _aCONVERSION
_b10
_c20130109
_lUCH01
_h1310
650 1 4 _aTomate
_xFechas de siembra.
_9113720
650 1 4 _aTomate
_xNuevo León.
_9113746
650 1 4 _aTomate
_xRendimiento.
_9113761
901 _aBK
942 _cTESIS
949 _bBC
_cTES
_d-49736
_eTS1
_h17760
_i21360
_si
999 _c16305
_d16305